Technical writing (Record no. 177435)

000 -LEADER
fixed length control field 00331nam a2200121Ia 4500
008 - FIXED-LENGTH DATA ELEMENTS--GENERAL INFORMATION
fixed length control field 220217s9999||||xx |||||||||||||| ||und||
020 ## - INTERNATIONAL STANDARD BOOK NUMBER
International Standard Book Number 978-81-203-3334-5
100 ## - MAIN ENTRY--PERSONAL NAME
Personal name Basu B N
9 (RLIN) 6082
245 #0 - TITLE STATEMENT
Title Technical writing
260 ## - PUBLICATION, DISTRIBUTION, ETC.
Place of publication, distribution, etc. Prentice hall of India pvt. ltd.
Name of publisher, distributor, etc. New Delhi
Date of publication, distribution, etc. 2007
300 ## - PHYSICAL DESCRIPTION
Other physical details 175
650 ## - SUBJECT ADDED ENTRY--TOPICAL TERM
Topical term or geographic name entry element GENERAL BOOKS
Holdings
Withdrawn status Lost status Damaged status Not for loan Home library Current library Shelving location Date acquired Barcode Date last seen Price effective from Koha item type
        Central Library Central Library Book Cart 02/18/2022 12624 02/18/2022 02/18/2022 Books

Powered by Koha